| 000 | 00558nam a22001937a 4500 | ||
|---|---|---|---|
| 003 | KOHA_MİRAKIL | ||
| 005 | 20251221154542.0 | ||
| 008 | 251221b tu ||||| |||| 00| 0 tur d | ||
| 020 | _a9786053994992 | ||
| 040 |
_aTR-AnABB _btur _cTR-AnABB |
||
| 041 | _atur | ||
| 082 |
_a361.37 _bYEN 2017 |
||
| 100 | 1 | _aYenisey, Kübra Doğan, | |
| 245 | 1 | 0 |
_aGönüllü emeği ve iş hukuku / _cKübra Doğan Yenisey |
| 260 |
_aİstanbul : _bBilgi Yayınevi, _c2017 |
||
| 300 |
_a118 sayfa ; _c23 cm |
||
| 650 | 0 | 4 | _aGönüllü çalışma |
| 942 |
_2ddc _cBK |
||
| 999 |
_c9857 _d9857 |
||
| 900 | _bGizem YORULMAZ | ||